Country Compass - Finland - Statistics

General Stats
  • This quiz has been taken 17 times
  • The average score is 12 of 15
Answer Stats
Country % Correct
Germany
100%
France
93%
Russia
93%
Ukraine
93%
United Kingdom
93%
Austria
87%
Denmark (Greenland)
87%
Hungary
87%
Iceland
87%
Romania
80%
Ireland
73%
Kazakhstan
67%
Serbia
60%
Slovenia
60%
Croatia
53%
No matching quizzes found
Score Distribution
Percent of People with Each Score
Percentile by Number Answered
Your Score History
You have not taken this quiz